ASEAN Members - Statistics

General Stats
  • This quiz has been taken 34 times
  • The average score is 11 of 12
Answer Stats
Country % Correct
Philippines
100%
Singapore
100%
Vietnam
100%
Indonesia
97%
Laos
97%
Malaysia
97%
Thailand
97%
Cambodia
94%
Myanmar
94%
Brunei
90%
East Timor
81%
Australia
55%
No matching quizzes found
Score Distribution
Percent of People with Each Score
Percentile by Number Answered
Your Score History
You have not taken this quiz